| 000 | 003330000a22001450004500 | ||
|---|---|---|---|
| 003 | MACL | ||
| 040 | _aMACL | ||
| 090 |
_c33278 _d33276 |
||
| 100 | _aJaworski, James | ||
| 245 | _aMastering JavaScript and JScript | ||
| 260 |
_bBPB Publications _c1999 |
||
| 350 | _a399 | ||
| 650 | _aComputer Programming | ||
| 942 |
_cBOOK _k005.133/JAW |
||
| 999 |
_c32929 _d32929 |
||